| 000 | 00653nam a2200217Ia 4500 | ||
|---|---|---|---|
| 003 | BUBTL | ||
| 008 | 151213s9999 xx 000 0 und d | ||
| 020 | _a007016987x | ||
| 082 | _a658.5/ D589p/ 1993 | ||
| 100 |
_aDilworth, James B. _94373 |
||
| 245 |
_aProduction of Operation Management: Manufacturing and Services/ _cJemes B.Dilworth |
||
| 250 | _a5th | ||
| 260 |
_aNew York _bMcGraw hill _cc1993 |
||
| 300 |
_a[xxviii], 742p . : _bill. Graph, Table ; 25cm. |
||
| 500 | _aIncludes Index | ||
| 650 |
_aManagement _93174 |
||
| 700 |
_aJemes B.Dilworth _93173 |
||
| 856 |
_k0 _l0 _yDownload |
||
| 942 |
_2ddc _cBK |
||
| 999 |
_c1161 _d1161 |
||